|
|
|
|
| LEADER |
00000nam a2200000 a 4500 |
| 001 |
vtls001059142 |
| 003 |
SK-MaSNL |
| 005 |
20260301061700.0 |
| 008 |
240226s1995 xo r 000 yyeng |
| 015 |
|
|
|a SNBA1995/1002688
|
| 020 |
|
|
|a 8096734628
|c (150 výt.)
|
| 035 |
|
|
|a SNK000001960
|
| 035 |
|
|
|a urn:nbn:sk:snk-amlhsb
|
| 035 |
|
|
|a urn:nbn:sk:snk-am00bnvf
|
| 035 |
|
|
|a 08676218-69B8-429E-B0D1-83BE673A42FE
|
| 040 |
|
|
|a SNK
|b slo
|c SNK
|e AACR2
|
| 041 |
0 |
|
|a eng
|
| 044 |
|
|
|a xo
|c SK
|
| 080 |
|
|
|a 619:616-091.8(075.8)=20
|2 1981
|
| 080 |
|
|
|a 616-091.8(075.8)=20
|2 1981
|
| 100 |
1 |
|
|a Levkut, Mikuláš,
|d 1951-
|4 aut
|9 197341
|
| 245 |
1 |
|
|a Practical Manual of Histopathology
|c M. Levkut, L. Kolodzieyski, Z. Ševčíková
|
| 260 |
|
|
|a Košice
|b DataHelp
|b Univerzita veterinárskeho lekárstva
|c 1995
|
| 300 |
|
|
|a 116 s.
|c 30 cm
|
| 504 |
|
|
|a Bibliogr.
|
| 650 |
0 |
7 |
|a veterinárna medicína
|2 SNKPH
|9 1148
|
| 650 |
0 |
7 |
|a veterinárna histopatológia
|2 SNKPH
|9 113923
|
| 655 |
|
7 |
|a učebnice vysokých škôl
|2 SNKPH
|9 70191
|
| 700 |
1 |
|
|a Kolodzieyski, Lev
|4 aut
|9 39510
|
| 700 |
1 |
|
|a Ševčíková, Zuzana,
|d 1963-
|4 aut
|9 196031
|
| 919 |
|
|
|a 80-967346-2-8
|
| 958 |
|
|
|a TL
|
| 958 |
|
|
|a UV
|
| 958 |
|
|
|a NB
|
| 999 |
|
|
|c 618009
|d 619939
|
| 952 |
|
|
|t P60, <09>, [BOOK], {629}
|a SNK
|b SNK
|y NEVYP
|7 0
|0 0
|1 0
|4 0
|d 1995-09-08
|l 0
|r 2004-12-31 00:00:00
|w 2026-02-23
|
| 952 |
|
|
|t P60, <03>, [BOOK], {603}
|a SNK
|b SNK
|y PREZ
|7 0
|p 17A0907074
|o snkSB 54442
|i snkKSP 7986/95
|0 0
|1 0
|4 0
|d 1995-09-08
|f 1
|l 0
|r 2025-03-26 00:00:00
|w 2026-02-23
|
| 952 |
|
|
|t P60, <04>, [BOOK], {604}
|a SNK
|b SNK
|y VYP
|7 0
|p 17A0001635
|o snkSB 54442 D1
|i snkKSP 7987/95
|0 0
|1 0
|4 0
|d 1995-09-08
|l 0
|r 2004-12-31 00:00:00
|w 2026-02-23
|